Xác suất và thống kê trong y học

Sách trình bày có hệ thống những kiến thức về lý thuyết xác suất thống kê qua nhiều ví dụ và bài toán thực tiễn trong y học đang được phổ cập rộng rãi.

Na minha lista:
Detalhes bibliográficos
Autor principal: Nguyễn Sum
Formato: Livro
Idioma:Undetermined
Publicado em: Hà Nội Giáo Dục 1999
Assuntos:
Tags: Adicionar Tag
Sem tags, seja o primeiro a adicionar uma tag!
Thư viện lưu trữ: Trung tâm Học liệu Trường Đại học Cần Thơ
LEADER 00834nam a2200205Ia 4500
001 CTU_36127
008 210402s9999 xx 000 0 und d
082 |a 519.2 
082 |b S511 
100 |a Nguyễn Sum 
245 0 |a Xác suất và thống kê trong y học 
245 0 |c Nguyễn Sum, Trần Thi Diệu Trang 
260 |a Hà Nội 
260 |b Giáo Dục 
260 |c 1999 
520 |a Sách trình bày có hệ thống những kiến thức về lý thuyết xác suất thống kê qua nhiều ví dụ và bài toán thực tiễn trong y học đang được phổ cập rộng rãi. 
526 |a Toán thống kê - TDTT 
526 |b TC110 
650 |a probabilities,statistics 
980 |a Trung tâm Học liệu Trường Đại học Cần Thơ